The conflict survival kit : (Record no. 8380)
[ view plain ]
| 000 -LEADER | |
|---|---|
| fixed length control field | 00886cam a22002174a 4500 |
| 020 ## - INTERNATIONAL STANDARD BOOK NUMBER | |
| ISBN | 0131183036 |
| 050 00 - CALL NUMBER | |
| Classification number | HD42 |
| Item number | .G59 |
| 100 1# - AUTHOR | |
| Personal name | Goodwin, Cliff, |
| 245 14 - TITLE | |
| Title | The conflict survival kit : |
| Remainder of title | tools for resolving conflict at work / |
| Statement of responsibility, etc | Cliff Goodwin, Daniel B. Griffith. |
| 260 ## - PUBLICATION INFORMATION | |
| Place of publication | Upper Saddle River, N.J. : |
| Name of publisher | Pearson Prentice Hall, |
| Year of publication | c2007. |
| 300 ## - DESCRIPTION | |
| Number of Pages | xxiv, 325 p. : |
| Other physical details | ill. ; |
| Dimensions | 26 cm. |
| 500 ## - NOTES | |
| General note | Includes index. |
| 505 ## - FORMATTED CONTENTS NOTE | |
| Table of Content | Part 1. The theory and context for managing conflict in workplace <br/>Part 2. Interpersonal communication skills for resolving conflict<br/>Part 3. preparing to resolve conflicts<br/>Part 4. Application and practice |
| 650 #0 - SUBJECTS | |
| Topical Term | Conflict management. |
| 650 #0 - SUBJECTS | |
| Topical Term | Interorganizational relations. |
| 650 #0 - SUBJECTS | |
| Topical Term | Industrial relations. |
| 650 #0 - SUBJECTS | |
| Topical Term | Psychology, Industrial. |
| 650 #0 - SUBJECTS | |
| Topical Term | Conflict (Psychology) |
| 700 1# - OTHER AUTHORS | |
| Personal name | Griffith, Dan |
| 942 ## - ADDED ENTRY ELEMENTS (KOHA) | |
| Koha item type | Books |
| Withdrawn status | Lost status | Collection code | Home library | Current library | Shelving location | Date acquired | Source of acquisition | Full call number | Accession Number | Koha item type |
|---|---|---|---|---|---|---|---|---|---|---|
| Reference | Methodist University Library Main | Methodist University Library Main | General Stacks | 16/09/2024 | Donated by the entire Abbey Family | HD42 .G59 | 8882 | Books |